Which European Country? - Statistics

General Stats
  • This quiz has been taken 99 times
    55 since last reset
  • The average score is 6 of 15
Answer Stats
Question Answer % Correct
Which country is not a member of NATO? Ireland
100%
Which country borders the Baltic Sea? Russia
100%
Which of these countries is majority Muslim? Albania
50%
Which country has capital punishment? Belarus
50%
Which country possesses nuclear weapons? France
50%
Which of these countries has nuclear power plants? France
50%
Which of these countries is NOT a monarchy? Portugal
50%
Which country has a wild population of bears? Spain
50%
Where is the Alhambra located? Spain
50%
Which country has territorial enclaves on mainland Africa? Spain
50%
In which country would you find the city of Strasbourg? France
0%
Which country contains the mouth of the Rhine? Netherlands
0%
Which country did NOT have territory occupied by Germany in the First World War? Netherlands
0%
The Holy Roman Empire never held territory in which of these modern-day countries? Slovakia
0%
Which country is a member of the European Union? Sweden
0%
No matching quizzes found
Score Distribution
Percent of People with Each Score
Percentile by Number Answered
Your Score History
You have not taken this quiz since the last reset